|
|
|
|
| LEADER |
00000nam0a2200000 4500 |
| 001 |
286717 |
| 005 |
20231101235923.0 |
| 020 |
|
|
|a RU
|b 85-34763
|
| 035 |
|
|
|a (RuTPU)RU\TPU\book\311051
|
| 090 |
|
|
|a 286717
|
| 100 |
|
|
|a 20150310d1985 k y0rusy5003 ca
|
| 101 |
0 |
|
|a rus
|
| 102 |
|
|
|a GE
|
| 105 |
|
|
|a a z 001zy
|
| 200 |
1 |
|
|a Космоцератиды Кавказа
|f Т. А. Ломинадзе, А. С. Сахаров
|g Академия наук Грузинской ССР (АН ГрузССР), Институт палеобиологии
|
| 210 |
|
|
|a Тбилиси
|c Мецниереба
|d 1985
|
| 215 |
|
|
|a 63 с.
|c ил., 8 л. ил.
|
| 320 |
|
|
|a Библиогр.: с. 55-57
|
| 606 |
|
|
|a Моллюски ископаемые
|2 stltpush
|3 (RuTPU)RU\TPU\subj\66870
|9 82879
|
| 610 |
1 |
|
|a палеонтология
|
| 610 |
1 |
|
|a Кавказ
|
| 610 |
1 |
|
|a келловейские отложения
|
| 610 |
1 |
|
|a аммониты
|
| 610 |
1 |
|
|a космоцератиды
|
| 610 |
1 |
|
|a виды
|
| 610 |
1 |
|
|a подвиды
|
| 610 |
1 |
|
|a семейства
|
| 610 |
1 |
|
|a зональное расчленение
|
| 610 |
1 |
|
|a юрские отложения
|
| 675 |
|
|
|a 564
|z rus
|v 3
|
| 700 |
|
1 |
|a Ломинадзе
|b Т. А.
|g Тенгиз Арчилович
|
| 701 |
|
1 |
|a Сахаров
|b А. С.
|g Александр Степанович
|
| 712 |
0 |
2 |
|a Академия наук Грузинской ССР (АН ГрузССР)
|b Институт палеобиологии
|c (Тбилиси)
|2 stltpush
|3 (RuTPU)RU\TPU\col\21435
|
| 801 |
|
0 |
|a RU
|b RuMRKP
|c 19950704
|g psbo
|
| 801 |
|
1 |
|a RU
|b 63413507
|c 20150310
|
| 801 |
|
2 |
|a RU
|b 63413507
|c 20180116
|g RCR
|
| 942 |
|
|
|c BK
|